000 01029cab a2200277 4500
001 ABS52460
008 090401t1995 xxu||||| |||| 00| 0 eng d
035 _a(Sirsi) u79594
041 _aeng
100 _aButler, J.
245 4 _aThe real estate workout: a positive approach towards the financial management of troubled property: part 1
260 _c1995
350 _a0
490 _aProperty Review
_v5(2) March 1995, 53-57(5)
520 _aAdvises on approaches to rescuing under-performing property, whether from market, management, design, legal or financial causes. Explains the concept of the `workout` and classifies different models. Describes common constraints experienced by lenders in restructuring loans.
650 _aLENDER TAKE-BACK
650 _aREAL ESTATE WORKOUT
650 _aTAKE-BACK
650 _aTROUBLED PROPERTY
650 _aUNDER-PERFORMANCE
650 _aWORKOUT
690 _aCOMMERCIAL PROPERTY-MANAGEMENT
700 _aRatcliffe, J.
942 _n0
948 _c04/03/1997
999 _c50053
_d50053